1980s unemployment and the unions
Gardado en:
| Autor Principal: | |
|---|---|
| Formato: | Libro |
| Idioma: | Undetermined |
| Publicado: |
London
The Institute of Economic Affairs
1980
|
| Những chủ đề: | |
| Các nhãn: |
Engadir etiqueta
Sen Etiquetas, Sexa o primeiro en etiquetar este rexistro!
|
| Thư viện lưu trữ: | Trung tâm Học liệu Trường Đại học Cần Thơ |
|---|
| LEADER | 00459nam a2200169Ia 4500 | ||
|---|---|---|---|
| 001 | CTU_79265 | ||
| 008 | 210402s9999 xx 000 0 und d | ||
| 082 | |a 331.137 | ||
| 082 | |b H417 | ||
| 100 | |a Hayek, F. A. | ||
| 245 | 0 | |a 1980s unemployment and the unions | |
| 245 | 0 | |c F. A. Hayek | |
| 260 | |a London | ||
| 260 | |b The Institute of Economic Affairs | ||
| 260 | |c 1980 | ||
| 650 | |a Unemployment | ||
| 980 | |a Trung tâm Học liệu Trường Đại học Cần Thơ | ||